|
|
|
|
| LEADER |
00740naa a2200193 i 4500 |
| 001 |
publ34886 |
| 005 |
20241024143902.0 |
| 008 |
241024s2013 hu o 000 eng d |
| 020 |
|
|
|a 9789633062142
|
| 024 |
7 |
|
|a 33714601
|2 mtmt
|
| 040 |
|
|
|a SZTE Publicatio Repozitórium
|b hun
|
| 041 |
|
|
|a eng
|
| 100 |
1 |
|
|a Kovács Ágnes Zsófia
|
| 245 |
1 |
0 |
|a Conclusion
|h [elektronikus dokumentum] :
|b What's your method? On the structure of research papers in literature /
|c Kovács Ágnes Zsófia
|
| 260 |
|
|
|a Szegedi Tudományegyetem Bölcsészettudományi Kar
|b Szeged
|c 2013
|
| 300 |
|
|
|a 167-169
|
| 490 |
0 |
|
|a From Renaissance to Postmodern
|
| 650 |
|
4 |
|a Nyelvek és irodalom
|
| 856 |
4 |
0 |
|u http://publicatio.bibl.u-szeged.hu/34886/11/33714601.pdf
|z Dokumentum-elérés
|